Quiz sur Paris-Roubaix - Statistiques

Statistiques générales
  • Ce quiz a été pris 308 fois
  • Le résultat moyen est 8 sur 14
Statistiques - réponses
Question Réponse % Correct
Mois durant lequel elle a lieu Avril
99%
Surnoms l'enfer du Nord
86%
Élément atypique constituant le trophée de la course Pavé
82%
Type de lieu qui accueille l'arrivée de la course depuis 1943 (à l'exception de 3 éditions) Vélodrome
78%
Coureur double vainqueur de la course (1985 et 1991) qui fonda en 1997 l'équipe La Française des jeux Marc Madiot
64%
Dispositif rajouté en 2024 avant le secteur pavé le plus difficile dans le but de ralentir et de rallonger le peloton afin de réduire les risques de chutes Chicane
62%
Coureurs les plus titrés (4 victoires) Tom Boonen
62%
Société organisatrice de la course ASO
56%
Ville de départ de la courses depuis 1977 Compiègne
56%
Secteur pavé le plus difficile de la course ayant pour vrai nom la drève des Boules d'Hérin trouée d'Arenberg
47%
Année de la première édition 1896
33%
Coureurs les plus titrés (4 victoires) Roger De Vlaeminck
26%
Surnoms la reine des classiques
23%
Surnoms la dure des dures
3%
Aucun quiz correspondant
Distribution des résultats
% des personnes avec chaque résultat
Percentile par nombre de réponses
Votre historique - résultats
Vous n’avez pas pris ce quiz